Llwytho...

English lterature: its history and its significance for the life of the english speaking world /

Manylion Llyfryddiaeth
Prif Awdur: Long, Williaam J .
Fformat: Printed Book
Cyhoeddwyd: Ludhiana : Kalyani , 1973.
Pynciau:
LEADER 00494cam a2200133ua 4500
082 1 4 |a 820.9  |b LON-E 
100 1 |a Long, Williaam J . 
245 1 0 |a English lterature:  |b its history and its significance for the life of the english speaking world /  
260 |a Ludhiana :   |b Kalyani ,   |c 1973. 
300 |a 636p. ;  
650 0 |a English literature 
942 |c BK 
999 |c 26684  |d 26684 
952 |0 0  |1 0  |4 0  |6 820_900000000000000_LONE  |7 0  |9 33969  |a KU  |b KU  |d 2015-07-05  |l 1  |o 820.9 LON-E  |p EN04321  |r 2019-08-21  |s 2019-08-01  |y BK